[Event "Robecchetto op 32nd"]
[Site "Robecchetto"]
[Date "2019.12.28"]
[Round "4"]
[White "Falchi, Claudio"]
[Black "Van Poucke, Simon"]
[Result "1-0"]
[WhiteElo "1889"]
[BlackElo "1999"]
[PlyCount "127"]
[EventDate "2019.12.26"]
[EventType "swiss"]
[EventRounds "6"]
[EventCountry "ITA"]
[SourceTitle "CBM 194 Extra"]
[Source "ChessBase"]
[SourceDate "2020.03.31"]
[SourceVersion "1"]
[SourceVersionDate "2020.03.31"]
[SourceQuality "1"]

1. e4 c5 2. Nc3 Nc6 3. g3 g6 4. Bg2 Bg7 5. d3 e6 6. f4 d6 7. Nf3 Nge7 8. 0-0 0-0 9. Be3 Nd4 10. e5 Nef5 11. Bf2 Nxf3+ 12. Qxf3 Nd4 13. Qd1 dxe5 14. fxe5 Bxe5 15. Na4 Bd7 16. c3 Nf5 17. Bxb7 Bxa4 18. Qxa4 Rb8 19. Qxa7 Qc7 20. Qxc5 Rxb7 21. Qxc7 Bxc7 22. b4 Rd8 23. Rfd1 e5 24. a4 Bb6 25. a5 Bxf2+ 26. Kxf2 Rb5 27. a6 Ne7 28. Rdb1 Nc6 29. Ra4 Na7 30. c4 Rb6 31. Ke3 Kf8 32. b5 Ke7 33. Rab4 Rc8 34. d4 exd4+ 35. Kxd4 Rd6+ 36. Kc3 Rb6 37. R4b2 Rcb8 38. Re1+ Kd7 39. Rd2+ Rd6 40. Rxd6+ Kxd6 41. Kd4 Kd7 42. Kc5 Nc8 43. Kb4 Na7 44. Ka5 Kd6 45. Rd1+ Kc7 46. Re1 Kd6 47. Rd1+ Kc7 48. Rd5 f5 49. Rd1 h5 50. Rd3 h4 51. gxh4 Nc6+ 52. bxc6 Rb1 53. Rg3 Kxc6 54. Rxg6+ Kc5 55. Ka4 Kxc4 56. Ka3 Kd4 57. Ka2 Rb5 58. h5 f4 59. h6 f3 60. h7 Rh5 61. a7 Rxh7 62. a8Q Rxh2+ 63. Kb3 f2 64. Qf3 1-0

[Event "Chioggia op-A 13th"]
[Site "Chioggia"]
[Date "2018.09.30"]
[Round "4"]
[White "Seresin, Francesco"]
[Black "Falchi, Claudio"]
[Result "1-0"]
[WhiteElo "2287"]
[BlackElo "1866"]
[PlyCount "98"]
[EventDate "2018.09.28"]
[EventType "swiss"]
[EventRounds "5"]
[EventCountry "ITA"]
[SourceTitle "EXT 2022"]
[Source "ChessBase"]
[SourceDate "2021.10.06"]
[SourceVersion "1"]
[SourceVersionDate "2021.10.06"]
[SourceQuality "1"]

1. d4 Nf6 2. c4 d6 3. Nf3 g6 4. g3 Bg7 5. Bg2 0-0 6. 0-0 Nbd7 7. Nc3 e5 8. e4 Re8 9. h3 exd4 10. Nxd4 Nc5 11. Re1 Bd7 12. Bf4 h6 13. Qc2 Nfxe4 14. Nxe4 Bxd4 15. Qd2 Bh8 16. Nxc5 dxc5 17. Bxb7 Rxe1+ 18. Rxe1 Rb8 19. Qd5 g5 20. Bxc7 Qxc7 21. Re7 Be6 22. Rxc7 Bxd5 23. Bxd5 Rxb2 24. Rxa7 Bd4 25. Rxf7 Kh8 26. a4 Ra2 27. Bc6 Kg8 28. Rf5 Kg7 29. Kg2 Kg6 30. g4 Ra3 31. Bb5 Ra2 32. Kf1 Ra3 33. Ke2 Ra2+ 34. Kf1 Ra3 35. Kg2 Ra2 36. Bd7 Kg7 37. Kf1 Ra1+ 38. Ke2 Ra2+ 39. Kd3 Bxf2 40. Ke4 Be1 41. Rxc5 Ra3 42. Rf5 Rxh3 43. c5 Ba5 44. Kd5 Rd3+ 45. Kc6 Rd4 46. Rf1 Rxa4 47. Be6 Re4 48. Bf5 Re3 49. Ra1 Bb4 1-0

[Event "Milan Carnevale op-A 6th"]
[Site "Milan"]
[Date "2015.02.22"]
[Round "5"]
[White "Stergiou, Georgios"]
[Black "Falchi, Claudio"]
[Result "1/2-1/2"]
[WhiteElo "1864"]
[BlackElo "1852"]
[PlyCount "86"]
[EventDate "2015.02.18"]
[EventType "swiss"]
[EventRounds "6"]
[EventCountry "ITA"]
[SourceTitle "EXT 2017"]
[Source "ChessBase"]
[SourceDate "2016.10.25"]
[SourceVersion "1"]
[SourceVersionDate "2016.10.25"]
[SourceQuality "1"]

1. e4 e6 2. d4 d5 3. Nc3 Bb4 4. e5 c5 5. a3 Bxc3+ 6. bxc3 Qa5 7. Bd2 Qa4 8. Qb1 c4 9. h4 Nc6 10. h5 h6 11. g3 b6 12. Bh3 Bd7 13. Ne2 0-0-0 14. Nf4 Nge7 15. 0-0 Rdg8 16. Ng2 g6 17. hxg6 fxg6 18. Ne3 h5 19. Qd1 Nf5 20. Nxf5 gxf5 21. Kh2 Be8 22. Qc1 h4 23. Rg1 hxg3+ 24. Rxg3 Na5 25. Rxg8 Rxg8 26. Bg5 Qd7 27. Qe3 Qh7 28. Rg1 Bh5 29. Rg3 Bd1 30. Qd2 Qh5 31. f4 Bf3 32. Qf2 Be4 33. Re3 Qd1 34. Rxe4 dxe4 35. Qh4 e3 36. Qh7 Rxg5 37. fxg5 e2 38. Bg2 e1Q 39. Qg8+ Kd7 40. Qf7+ Kd8 41. Qf8+ Kd7 42. Qf7+ Kd8 43. Qf8+ Kd7 1/2-1/2

[Event "Como Province-ch"]
[Site "Erba"]
[Date "2015.01.25"]
[Round "5"]
[White "Zerboni, Giuseppe"]
[Black "Falchi, Claudio"]
[Result "0-1"]
[WhiteElo "1525"]
[BlackElo "1852"]
[PlyCount "98"]
[EventDate "2015.01.17"]
[EventType "swiss"]
[EventRounds "6"]
[EventCountry "ITA"]
[SourceTitle "EXT 2017"]
[Source "ChessBase"]
[SourceDate "2016.10.25"]
[SourceVersion "1"]
[SourceVersionDate "2016.10.25"]
[SourceQuality "1"]

1. d4 e6 2. Nf3 f5 3. c4 Nf6 4. g3 d5 5. Bg2 c6 6. c5 b6 7. b4 a5 8. Qa4 Bb7 9. Bf4 Qc8 10. 0-0 axb4 11. Qxb4 bxc5 12. dxc5 Na6 13. Qb2 Nxc5 14. Nc3 Be7 15. Rab1 0-0 16. Be3 Ba6 17. Bf4 Nfe4 18. Nxe4 Nxe4 19. Rfc1 Bc4 20. Rxc4 dxc4 21. Be5 Bf6 22. h4 c3 23. Qc2 Qa6 24. Bxf6 Rxf6 25. Nd4 Qxa2 26. Rb8+ Rf8 27. Rxf8+ Kxf8 28. Qd3 Kf7 29. Bxe4 fxe4 30. Qxc3 Qa1+ 31. Qxa1 Rxa1+ 32. Kg2 Rc1 33. e3 c5 34. Nb3 Rc2 35. g4 e5 36. Kf1 Ke6 37. Ke1 Kd5 38. Nd2 c4 39. Kd1 Ra2 40. f4 exf3 41. Nxf3 h6 42. h5 Ke4 43. Nd2+ Rxd2+ 44. Kxd2 c3+ 45. Kxc3 Kxe3 46. Kc4 Ke4 47. Kc5 Kf4 48. Kd5 e4 49. Ke6 Kxg4 0-1

[Event "Como Province-ch"]
[Site "Erba"]
[Date "2015.01.17"]
[Round "1"]
[White "Iachelini, Gianfranco"]
[Black "Falchi, Claudio"]
[Result "0-1"]
[WhiteElo "1470"]
[BlackElo "1852"]
[PlyCount "72"]
[EventDate "2015.01.17"]
[EventType "swiss"]
[EventRounds "6"]
[EventCountry "ITA"]
[SourceTitle "EXT 2017"]
[Source "ChessBase"]
[SourceDate "2016.10.25"]
[SourceVersion "1"]
[SourceVersionDate "2016.10.25"]
[SourceQuality "1"]

1. e4 e6 2. Nf3 d5 3. exd5 exd5 4. d4 Nc6 5. Bb5 Bd6 6. 0-0 Nge7 7. c4 dxc4 8. Bxc4 0-0 9. Bb3 Bf5 10. Nc3 a6 11. a3 Bg4 12. Qd3 Bxf3 13. Bc2 Ng6 14. Qxf3 Nxd4 15. Qd3 Nxc2 16. Qxc2 Qh4 17. g3 Qh3 18. Qe4 Ne5 19. Ne2 Ng4 20. Qh1 Rae8 21. Nf4 Bxf4 22. Bxf4 Re6 23. Rfe1 Rfe8 24. Rxe6 Rxe6 25. Bxc7 Rh6 26. Re1 Re6 27. Rxe6 fxe6 28. Bb6 Qh6 29. f4 Qg6 30. Bd4 Qb1+ 31. Kg2 Qe4+ 32. Kg1 Qxd4+ 33. Kg2 Qe4+ 34. Kg1 Qe1+ 35. Kg2 Qe2+ 36. Kh3 Nf2+ 0-1

[Event "Milan Befana op"]
[Site "Milan"]
[Date "2014.01.05"]
[Round "4"]
[White "Bonazzi, Edoardo"]
[Black "Falchi, Claudio"]
[Result "1-0"]
[WhiteElo "2079"]
[BlackElo "1926"]
[PlyCount "69"]
[EventDate "2014.01.02"]
[EventType "swiss"]
[EventRounds "7"]
[EventCountry "ITA"]
[SourceTitle "EXT 2015"]
[Source "ChessBase"]
[SourceDate "2014.11.20"]
[SourceVersion "1"]
[SourceVersionDate "2014.11.20"]
[SourceQuality "1"]

1. c4 e5 2. g3 Nc6 3. Bg2 g6 4. Nc3 Bg7 5. d3 d6 6. e4 f5 7. Nge2 Nf6 8. 0-0 0-0 9. Nd5 Be6 10. h3 Qd7 11. Kh2 Rf7 12. Be3 Raf8 13. Qd2 Nh5 14. exf5 gxf5 15. f4 Kh8 16. Rac1 Rg8 17. b4 b6 18. b5 Ne7 19. Ndc3 Bh6 20. fxe5 Bxe3 21. Qxe3 Rfg7 22. Rg1 dxe5 23. Qxe5 Ng6 24. Qd4 Qe7 25. Bf3 Rd8 26. Qe3 f4 27. Nxf4 Nhxf4 28. gxf4 Qh4 29. Bg4 Re7 30. Ne4 Rf8 31. Rcf1 h5 32. Bxe6 Rxe6 33. f5 Ne5 34. fxe6 Rxf1 35. Qh6# 1-0

[Event "Milan SSM op 08"]
[Site "Milan"]
[Date "2013.08.04"]
[Round "6"]
[White "Delledonne, Francesco"]
[Black "Falchi, Claudio"]
[Result "1/2-1/2"]
[WhiteElo "1916"]
[BlackElo "1953"]
[PlyCount "91"]
[EventDate "2013.07.31"]
[EventType "swiss"]
[EventRounds "7"]
[EventCountry "ITA"]
[SourceTitle "EXT 2015"]
[Source "ChessBase"]
[SourceDate "2014.11.20"]
[SourceVersion "1"]
[SourceVersionDate "2014.11.20"]
[SourceQuality "1"]

1. e4 b6 2. d4 Bb7 3. Bd3 Nf6 4. Qe2 Nc6 5. c3 e5 6. d5 Ne7 7. Nf3 Ng6 8. c4 Bb4+ 9. Nc3 Bxc3+ 10. bxc3 d6 11. 0-0 0-0 12. Be3 Bc8 13. Qc2 Nd7 14. Bg5 f6 15. Be3 Nc5 16. Bxc5 bxc5 17. Nd2 Nf4 18. g3 Nxd3 19. Qxd3 Ba6 20. Rfb1 Qd7 21. Qc2 Rab8 22. Rxb8 Rxb8 23. Rb1 Rb6 24. a4 Kf7 25. Kg2 Ke7 26. a5 Rxb1 27. Qxb1 Qc8 28. Qb3 Qb7 29. Qa4 Qa8 30. Qd1 Kf7 31. Qg4 Qc8 32. Qd1 Qd8 33. Qg4 Ke7 34. Qd1 Kf7 35. Qg4 Qc8 36. Qd1 g6 37. Qa4 Ke7 38. Qb3 Qb7 39. Qd1 Qb2 40. Qg4 Qxd2 41. Qe6+ Kd8 42. Qg8+ Ke7 43. Qe6+ Kd8 44. Qg8+ Ke7 45. Qe6+ Kd8 46. Qg8+ 1/2-1/2

[Event "Milan SSM op 08"]
[Site "Milan"]
[Date "2013.08.01"]
[Round "2"]
[White "Astengo, Corrado"]
[Black "Falchi, Claudio"]
[Result "1/2-1/2"]
[WhiteElo "2114"]
[BlackElo "1953"]
[PlyCount "75"]
[EventDate "2013.07.31"]
[EventType "swiss"]
[EventRounds "7"]
[EventCountry "ITA"]
[SourceTitle "EXT 2015"]
[Source "ChessBase"]
[SourceDate "2014.11.20"]
[SourceVersion "1"]
[SourceVersionDate "2014.11.20"]
[SourceQuality "1"]

1. e4 b6 2. d4 Bb7 3. Nc3 e6 4. a3 Nf6 5. Bd3 c5 6. dxc5 Bxc5 7. Nf3 d5 8. Qe2 dxe4 9. Nxe4 Nxe4 10. Bxe4 Qc7 11. Bf4 Qc8 12. 0-0 Bxe4 13. Qxe4 Qc6 14. Qd3 Nd7 15. Rad1 Be7 16. Nd4 Qb7 17. Nb5 Rd8 18. Nc7+ Kf8 19. Qb5 Qc8 20. Rfe1 g5 21. Bg3 Kg7 22. Nd5 Qc5 23. Qe2 exd5 24. b4 Qc6 25. Qxe7 h6 26. Be5+ Nxe5 27. Qxe5+ Kg6 28. g4 Qc8 29. Qe2 Rhe8 30. Qd3+ Kg7 31. h3 Qc4 32. Rxe8 Rxe8 33. Qxc4 dxc4 34. Rd4 b5 35. Kf1 Re6 36. Rd5 Ra6 37. Rxb5 Rxa3 38. Ra5 1/2-1/2

[Event "Milan SSM op"]
[Site "Milan"]
[Date "2013.07.07"]
[Round "4"]
[White "Alati, Alberto"]
[Black "Falchi, Claudio"]
[Result "1/2-1/2"]
[WhiteElo "1736"]
[BlackElo "1953"]
[PlyCount "50"]
[EventDate "2013.07.04"]
[EventType "swiss"]
[EventRounds "5"]
[EventCountry "ITA"]
[SourceTitle "EXT 2015"]
[Source "ChessBase"]
[SourceDate "2014.11.20"]
[SourceVersion "1"]
[SourceVersionDate "2014.11.20"]
[SourceQuality "1"]

1. c4 e5 2. g3 Nc6 3. Nc3 g6 4. Bg2 Bg7 5. e4 d6 6. Nge2 f5 7. d3 Nf6 8. 0-0 0-0 9. Bd2 Ne7 10. Rc1 c6 11. b4 d5 12. b5 fxe4 13. dxe4 dxc4 14. bxc6 Nxc6 15. a4 Be6 16. Bg5 h6 17. Bxf6 Qxf6 18. Nd5 Qd8 19. Rxc4 Qd7 20. Rc2 Rac8 21. Rd2 Nd4 22. Nec3 Rc5 23. f4 Bg4 24. Qe1 exf4 25. gxf4 Qe6 1/2-1/2

[Event "Monza e Brianza Province-ch"]
[Site "Barlassina"]
[Date "2013.02.??"]
[Round "?"]
[White "Frigerio, Roberto"]
[Black "Falchi, Claudio"]
[Result "0-1"]
[WhiteElo "1629"]
[BlackElo "1874"]
[PlyCount "78"]
[EventDate "2013.02.01"]
[EventType "swiss"]
[EventRounds "5"]
[EventCountry "ITA"]
[SourceTitle "EXT 2014"]
[Source "ChessBase"]
[SourceDate "2013.11.20"]
[SourceVersion "1"]
[SourceVersionDate "2013.11.20"]
[SourceQuality "1"]

1. e4 e6 2. d4 d5 3. Nc3 Bb4 4. Bd2 dxe4 5. Nxe4 Qxd4 6. Ng3 Qxd2+ 7. Qxd2 Bxd2+ 8. Kxd2 b6 9. Rd1 Bb7 10. Nh5 g6 11. Nf4 Nf6 12. f3 Nc6 13. Kc1 Rd8 14. Nd3 Nd5 15. Re1 Ndb4 16. Nxb4 Nxb4 17. a3 Nd5 18. Bb5+ Ke7 19. Nh3 Rd6 20. Ng5 Nf6 21. Bd3 Rhd8 22. Re2 h6 23. Nh3 Nd7 24. Rhe1 Nc5 25. Bc4 Kf6 26. Nf2 h5 27. Nh3 Rd4 28. Ba2 g5 29. Re5 Bd5 30. Bb1 g4 31. Ng5 gxf3 32. Nxf3 Bxf3 33. gxf3 Rd1+ 34. Rxd1 Rxd1+ 35. Kxd1 Kxe5 36. Ke2 Na4 37. Ke3 Nxb2 38. f4+ Kd6 39. h4 Nc4+ 0-1

[Event "Bergamo Province-ch"]
[Site "Bergamo"]
[Date "2013.01.20"]
[Round "2"]
[White "Moroni, Luca Jr"]
[Black "Falchi, Claudio"]
[Result "1-0"]
[WhiteElo "2161"]
[BlackElo "1867"]
[PlyCount "73"]
[EventDate "2013.01.19"]
[EventType "swiss"]
[EventRounds "6"]
[EventCountry "ITA"]
[SourceTitle "EXT 2024"]
[Source "ChessBase"]
[SourceDate "2023.10.10"]
[SourceVersion "1"]
[SourceVersionDate "2023.10.10"]
[SourceQuality "1"]

1. Nf3 e6 2. c4 d5 3. g3 c6 4. b3 Nd7 5. d4 f5 6. Bg2 Bd6 7. 0-0 Qe7 8. a4 Ngf6 9. Ba3 0-0 10. Bxd6 Qxd6 11. Na3 Ne4 12. Nc2 f4 13. Nce1 e5 14. cxd5 cxd5 15. dxe5 Nxe5 16. Nxe5 Qxe5 17. Nd3 Qe6 18. Nxf4 Rxf4 19. gxf4 Nc3 20. Qd2 Ne4 21. Qd3 Bd7 22. Rfd1 Bc6 23. b4 b6 24. b5 Bb7 25. Rac1 Qf7 26. Bxe4 dxe4 27. Qd8+ Rxd8 28. Rxd8+ Qf8 29. Rxf8+ Kxf8 30. Rc7 Bd5 31. Rxa7 Bb3 32. Kf1 Bc4 33. Ke1 h6 34. Kd2 Kg8 35. f5 Bb3 36. a5 bxa5 37. b6 1-0

[Event "Villa Guardia D Oro Cup 30th"]
[Site "Villa Guardia"]
[Date "2012.11.04"]
[Round "5"]
[White "Falchi, Claudio"]
[Black "Guzzetti, Luigi Enrico"]
[Result "1/2-1/2"]
[WhiteElo "1859"]
[BlackElo "1923"]
[PlyCount "142"]
[EventDate "2012.11.01"]
[EventType "swiss"]
[EventRounds "6"]
[EventCountry "ITA"]
[SourceTitle "EXT 2014"]
[Source "ChessBase"]
[SourceDate "2013.11.20"]
[SourceVersion "1"]
[SourceVersionDate "2013.11.20"]
[SourceQuality "1"]

1. e4 c5 2. Nc3 e6 3. g3 Nc6 4. Bg2 Nf6 5. d3 Be7 6. f4 d6 7. Nf3 0-0 8. 0-0 Qc7 9. h3 a6 10. g4 b5 11. Qe1 b4 12. Ne2 Bb7 13. f5 exf5 14. gxf5 d5 15. exd5 Nxd5 16. Ng5 Bxg5 17. Bxg5 Nd4 18. Nxd4 cxd4 19. Qh4 Ne3 20. Bxe3 dxe3 21. f6 gxf6 22. Bxb7 Qxb7 23. Rf4 Qb6 24. Rxb4 Qd6 25. Rd4 Qb6 26. Rb4 Qd6 27. Rf4 Rfb8 28. Rxf6 Qc5 29. Kh1 Qd5+ 30. Kh2 Qe5+ 31. Kh1 Qd5+ 32. Kh2 Rxb2 33. Rg1+ Kh8 34. Rg2 Qe5+ 35. Qf4 Qxf4+ 36. Rxf4 Re8 37. Re2 Rxa2 38. Rc4 a5 39. Kg3 a4 40. Kf3 a3 41. Ra4 Kg7 42. c4 Ra1 43. c5 Rf1+ 44. Kg2 Rf5 45. d4 Kf6 46. Rxa3 Rg8+ 47. Kh2 Rd8 48. Rd3 Rxc5 49. Rexe3 Rc2+ 50. Kg3 Rd5 51. Rf3+ Kg6 52. Kf4 Rc4 53. Ke4 Rg5 54. Rg3 h6 55. Rxg5+ hxg5 56. Kd5 Rc8 57. Kd6 f5 58. d5 Kf6 59. Kd7 Ra8 60. d6 g4 61. hxg4 fxg4 62. Kc7 Kf5 63. d7 Ra7+ 64. Kd6 Rxd7+ 65. Kxd7 Kf4 66. Ke6 g3 67. Rd4+ Kf3 68. Kf5 g2 69. Rd3+ Ke2 70. Rg3 Kf2 71. Kf4 g1Q 1/2-1/2

[Event "ITA-ch C"]
[Site "Civitanova Marche"]
[Date "2012.07.19"]
[Round "5"]
[White "Falchi, Claudio"]
[Black "Vilona, Leonardo"]
[Result "1-0"]
[WhiteElo "1849"]
[BlackElo "1806"]
[PlyCount "53"]
[EventDate "2012.07.15"]
[EventType "swiss"]
[EventRounds "8"]
[EventCountry "ITA"]
[SourceTitle "EXT 2023"]
[Source "ChessBase"]
[SourceDate "2022.10.05"]
[SourceVersion "1"]
[SourceVersionDate "2022.10.05"]
[SourceQuality "1"]

1. e4 e5 2. Nf3 Nf6 3. Nxe5 d6 4. Nf3 Nxe4 5. Nc3 Nxc3 6. dxc3 Be7 7. Be3 Nc6 8. Qd2 0-0 9. 0-0-0 a5 10. Bd3 Bg4 11. h3 Bxf3 12. gxf3 Ne5 13. Be4 Nc4 14. Bxh7+ Kxh7 15. Qd3+ Kh8 16. Qxc4 Qd7 17. Qg4 Qb5 18. Rhg1 Bf6 19. Bd4 Bxd4 20. Rxd4 g6 21. h4 Rg8 22. Qf4 Kg7 23. Rg5 Qf1+ 24. Rd1 Qxf2 25. h5 Rgf8 26. Rdg1 Rae8 27. Rxg6+ 1-0

[Event "ITA-ch C"]
[Site "Civitanova Marche"]
[Date "2012.07.16"]
[Round "1"]
[White "Falchi, Claudio"]
[Black "Fragni, Enrico"]
[Result "0-1"]
[WhiteElo "1849"]
[BlackElo "1636"]
[PlyCount "126"]
[EventDate "2012.07.15"]
[EventType "swiss"]
[EventRounds "8"]
[EventCountry "ITA"]
[SourceTitle "EXT 2023"]
[Source "ChessBase"]
[SourceDate "2022.10.05"]
[SourceVersion "1"]
[SourceVersionDate "2022.10.05"]
[SourceQuality "1"]

1. e4 d6 2. d4 Nd7 3. c4 e5 4. d5 Ngf6 5. Nc3 Be7 6. Bd3 Nc5 7. Nge2 Bd7 8. 0-0 0-0 9. f4 c6 10. fxe5 dxe5 11. Ng3 g6 12. Be3 Ng4 13. Qe2 Nxe3 14. Qxe3 Qb6 15. Be2 Kg7 16. b3 Na4 17. Qxb6 Nxb6 18. Bd3 a5 19. a4 Rad8 20. Rad1 Bb4 21. Na2 Bc5+ 22. Kh1 h5 23. Nc3 Nc8 24. Rde1 Bb4 25. Rc1 Ne7 26. Nge2 Bg4 27. h3 Bc8 28. Rf3 Rd6 29. Rcf1 Bd7 30. Kh2 Ng8 31. Nd1 Rf6 32. Ng1 Rxf3 33. Nxf3 Bd6 34. Ne3 f6 35. Kh1 Bc5 36. Nd1 Nh6 37. Be2 Rh8 38. Nb2 g5 39. Nd3 Be3 40. Nfxe5 fxe5 41. Nxe5 Be8 42. Nd3 cxd5 43. cxd5 Bg6 44. e5 Nf5 45. Rf3 Bb6 46. Nc1 Rc8 47. Bc4 h4 48. Na2 Re8 49. e6 Bc5 50. Nc3 Nd6 51. Nb5 Nxb5 52. Bxb5 Re7 53. Rc3 Bd6 54. Bc4 Rc7 55. Re3 Kf8 56. Rf3+ Ke7 57. Kg1 Rc8 58. Rc3 Rf8 59. Bb5 Be4 60. Bc4 Bc5+ 61. Kh2 Rf2 62. Bf1 b6 63. Kg1 Rc2+ 0-1

[Event "Ceriano Laghetto op-B 21st"]
[Site "Ceriano Laghetto"]
[Date "2012.03.??"]
[Round "4"]
[White "Origgio, Stefano"]
[Black "Falchi, Claudio"]
[Result "0-1"]
[WhiteElo "1716"]
[BlackElo "1887"]
[PlyCount "72"]
[EventDate "2012.03.24"]
[EventType "swiss"]
[EventRounds "5"]
[EventCountry "ITA"]
[SourceTitle "EXT 2024"]
[Source "ChessBase"]
[SourceDate "2023.10.10"]
[SourceVersion "1"]
[SourceVersionDate "2023.10.10"]
[SourceQuality "1"]

1. d4 e6 2. c4 f5 3. Nf3 Nf6 4. g3 d5 5. Nc3 c6 6. cxd5 exd5 7. Bg2 Bd6 8. e3 0-0 9. 0-0 Qe7 10. Bd2 Bd7 11. Rc1 Be8 12. a3 Bh5 13. Qb3 Ne4 14. Be1 Nd7 15. Qxb7 Bxf3 16. Nxd5 cxd5 17. Qxd5+ Qf7 18. Qxf7+ Kxf7 19. Bxf3 Rac8 20. Ba5 Nb6 21. Bxb6 axb6 22. Rfd1 Ke7 23. Be2 Rfd8 24. f3 Nf6 25. Kf2 Bb8 26. b3 Nd5 27. Bc4 b5 28. Bd3 Nc3 29. Rf1 g6 30. e4 fxe4 31. fxe4 Ba7 32. Kf3 Rxd4 33. Bb1 Rf8+ 34. Kg2 Rxf1 35. Kxf1 Nxb1 36. Rc7+ Rd7 0-1

[Event "Monza und Brianza Province-ch"]
[Site "Barlassina"]
[Date "2012.02.04"]
[Round "3"]
[White "Ronconi, Fausto"]
[Black "Falchi, Claudio"]
[Result "0-1"]
[WhiteElo "1726"]
[BlackElo "1777"]
[PlyCount "118"]
[EventDate "2012.02.03"]
[EventType "swiss"]
[EventRounds "5"]
[EventCountry "ITA"]
[SourceTitle "EXT 2024"]
[Source "ChessBase"]
[SourceDate "2023.10.10"]
[SourceVersion "1"]
[SourceVersionDate "2023.10.10"]
[SourceQuality "1"]

1. c4 e5 2. Nc3 Nc6 3. Nf3 g6 4. g3 Bg7 5. Bg2 d6 6. 0-0 f5 7. d3 Nf6 8. Nd5 0-0 9. Ng5 h6 10. Nxf6+ Qxf6 11. Bd5+ Kh8 12. h4 Qe7 13. Kg2 hxg5 14. hxg5 Be6 15. Rh1+ Kg8 16. e4 f4 17. Qg4 f3+ 18. Kf1 Nd4 19. Qh4 Kf7 20. Qg4 Rh8 21. Rh4 Rxh4 22. gxh4 Rh8 23. Be3 Ke8 24. Qg3 c6 25. Bxe6 Qxe6 26. Bxd4 exd4 27. Qxf3 Rxh4 28. Ke2 Qg4 29. Rd1 Qxg5 30. b4 Rf4 31. Rg1 Qxg1 32. Qxf4 Be5 33. Qh6 Qg4+ 34. Kf1 Qh5 35. Qd2 Qh3+ 36. Ke2 Qg4+ 37. Kf1 Bf4 38. Qc2 Qh3+ 39. Ke2 Qh5+ 40. Kf1 Qh1+ 41. Ke2 Qc1 42. Qa4 Qd2+ 43. Kf3 a6 44. b5 Bh6 45. bxc6 Qxd3+ 46. Kg2 Qxe4+ 47. Kf1 Qxc6 48. Qc2 Qh1+ 49. Ke2 Qh5+ 50. Kf1 Qf5 51. Qa4+ Ke7 52. Qb3 Qe4 53. f3 Qe3 54. Qxb7+ Kf6 55. Qd5 Bf4 56. a4 d3 57. c5 Qe2+ 58. Kg1 Be3+ 59. Kh1 Qf1+ 0-1

[Event "Monza und Brianza Province-ch"]
[Site "Barlassina"]
[Date "2012.02.03"]
[Round "1"]
[White "Falchi, Claudio"]
[Black "Lapiccirella, Daniele"]
[Result "0-1"]
[WhiteElo "1777"]
[BlackElo "2235"]
[PlyCount "54"]
[EventDate "2012.02.03"]
[EventType "swiss"]
[EventRounds "5"]
[EventCountry "ITA"]
[SourceTitle "EXT 2024"]
[Source "ChessBase"]
[SourceDate "2023.10.10"]
[SourceVersion "1"]
[SourceVersionDate "2023.10.10"]
[SourceQuality "1"]

1. e4 c5 2. Nc3 e6 3. g3 d5 4. exd5 exd5 5. d4 cxd4 6. Qxd4 Nf6 7. Bg5 Be7 8. Bg2 Nc6 9. Qd2 0-0 10. Nge2 Be6 11. Nf4 d4 12. Bxf6 Bxf6 13. Ne4 Bc4 14. 0-0-0 Be7 15. c3 Bxa2 16. cxd4 Bb4 17. Nc3 Bb3 18. Rde1 Nxd4 19. Bxb7 Rb8 20. Be4 Qb6 21. Qd3 Bxc3 22. Bxh7+ Kh8 23. bxc3 Ba4 24. Kd2 Qb2+ 25. Ke3 Nc2+ 26. Ke4 Nxe1 27. Rxe1 Bc2 0-1